| 000 | 00682nam a2200217 a 4500 | ||
|---|---|---|---|
| 005 | 20240228063918.0 | ||
| 008 | 080403s2003 mx r 000 0 spa d | ||
| 020 | _a8426131255 | ||
| 035 | _aUPN01000155198 | ||
| 049 | _aI | ||
| 050 | 4 |
_aPZ71 _bC6.64 2003 |
|
| 100 | 1 |
_aCooper, Helen F., _d1963- _933522 |
|
| 245 | 1 | 3 |
_aEl niño que no quería ir a dormir / _cHelen Cooper ; tr. Christiane Reyes. |
| 250 | _a3a ed. | ||
| 260 |
_aBarcelona, Esp. : _bJuventud, _c2003. |
||
| 300 |
_a[30] p. : _bil. col. |
||
| 534 |
_pTraducción de: _tThe baby who woildn´t go to bed |
||
| 650 | 4 |
_aCuentos infantiles _96744 |
|
| 650 | 4 |
_aLibros y lectura para niños _92290 |
|
| 905 | _aInfantil | ||
| 999 |
_c127314 _d127314 |
||